000
00347nam a2200121Ia 4500
008
231129s9999||||xx |||||||||||||| ||spa||
020
_a
958-95667-4-X
040
_b
spa
082
_a
R 613.2 S181
245
0
_a
Salud y belleza : Tu propia imagen. La Tarde
264
_a
Periodicos Asociados
942
_2
ddc
_c
BKS
999
_c
24270
_d
24270